|
|
|
|
| LEADER |
00000cam a2200000 7i4500 |
| 001 |
0000006331 |
| 002 |
000006835 |
| 005 |
20000330.0 |
| 020 |
|
|
|a 9836225862
|
| 090 |
0 |
0 |
|a JF
|b KAM
|
| 100 |
0 |
|
|a Kamariah Kamaruddin
|
| 245 |
1 |
0 |
|a Takdir bukan hukuman
|c Kamariah Kamaruddin
|
| 260 |
|
|
|a Kuala Lumpur :
|b DBP ,
|c 1992
|
| 300 |
|
|
|a 157p. ;
|c 18cm.
|
| 650 |
0 |
0 |
|a Children's stories
|
| 999 |
|
|
|a 039317
|b BUKU
|c PINJAMAN
|e PERPUSTAKAAN KOMUNITI PETALING JAYA
|
| 999 |
|
|
|a 039318
|b BUKU
|c PINJAMAN
|e PERPUSTAKAAN KOMUNITI PETALING JAYA
|
| 999 |
|
|
|a 039791
|b BUKU
|c YOUTH FICTION
|e PERPUSTAKAAN KOMUNITI PETALING JAYA
|